000 00863nam a2200241 a 4500
005 20240912063800.0
008 040927s1999 mx r 000 0 spa d
020 _a9706543325
020 _a9688566888
035 _aUPN01000134881
049 _aCG
050 4 _aHF1481
_bN8.3
245 0 0 _aNuevas dimensiones de la integración :
_bdel TLCAN al regionalismo hemisférico /
_ccoord. Germán A. de la Reza.
260 _aMéxico :
_bUAM-Iztapalapa, División de Ciencias Sociales y Humanidades :
_bPlaza y Valdés,
_c1999.
300 _a257, [12] p.
440 0 _aCSH
630 0 4 _aTratado de libre comercio entre México, Estados Unidos y Canadá
_d(1994)
_92531
650 4 _aComercio exterior
_xRegulación
_zMéxico
_99843
650 4 _aTRATADOS COMERCIALES
_914299
700 1 _aReza, Germán A. de la,
_ecoord.
905 _aLibro
999 _c107032
_d107032